书目信息 |
| 题名: |
世界地图册
|
|
| 作者: | ;地图出版社 编制 | |
| 分册: | ||
| 出版信息: | 北京 编者 1972 |
|
| 页数: | 1册 | |
| 开本: | 19cm | |
| 丛书名: | ||
| 单 册: | ||
| 中图分类: | K991 | |
| 科图分类: | ||
| 主题词: | 世界地图-地图集 , 地图集-世界地图 | |
| 电子资源: | ||
| ISBN: | 12014.703 | |
| 000 | 00668nam0 2200253 450 | |
| 001 | 0179001025 | |
| 005 | 20100712215515.0 | |
| 010 | @a12014.703@dCNY1.55 | |
| 091 | @a12014.703 | |
| 100 | @a19950109e19791972em y0chiy0110 ea | |
| 101 | 0 | @achi |
| 102 | @aCN@b110000 | |
| 105 | @ab z 000yy | |
| 106 | @ar | |
| 200 | 1 | @a世界地图册@9Shi Jie Di;De Tu Ce @e压模本@f地图出版社编制 |
| 205 | @a2版 | |
| 210 | @a北京@c编者@d1972@h1979重印 | |
| 215 | @a1册@d19cm | |
| 606 | 0 | @a世界地图-地图集 |
| 606 | 0 | @a地图集-世界地图 |
| 690 | @aK991@v3 | |
| 711 | 02 | @a地图出版社@9di tu chu ban she@4编制 |
| 801 | 0 | @aCN@bAzMarc@c20130904 |
| 905 | @aBZT@dK991@e12@f2@sK991/12 | |
| 世界地图册:压模本/地图出版社编制.-2版.-北京:编者,1972(1979重印) |
| 1册;19cm |
| ISBN 12014.703:CNY1.55 |
| ● |
| 相关链接 |
|
|
|
正题名:世界地图册
索取号:K991/12
 
预约/预借
| 序号 | 登录号 | 条形码 | 馆藏地/架位号 | 状态 | 备注 |
| 1 | 2000044761 | 2000044761 | 旧书回溯/ [索取号:K991/12] | 在馆 | |
| 2 | 2000132768 | 2000132768 | 旧书回溯/ [索取号:K991/12] | 在馆 |